000 00903cab a22002175a 4500
001 L153923
008 110921e20110916xxk 000 0 eng d
035 _a(Sirsi) u153923
041 0 _aeng
100 1 _aSeales, Rebecca
245 0 0 _aBalfour Beatty returns to top
_bbusiness barometer
260 _c2011
490 _aBuilding
_v276 (8695) 16 September 2011, 18-19(2)
520 _aOverview; tables of top contractors including and excluding civils for August 2011; yearly work won September 2010-August 2011; top architects, clients/promoters, and quantity surveyors September 2010 to August 2011 using information from Barbour ABI. Project finance; education construction outlook; commercial development activity.
590 _aKA
651 4 _aUnited Kingdom
_y
690 _aBUILT ENVIRONMENT-CONSTRUCTION MARKET
700 1 _aRawlinson, Simon
700 1 _aForrest, Kelly
942 _n0
999 _c83418
_d83418